[Event "London league"]
[Site "?"]
[Date "1976.03.10"]
[Round "?"]
[White "Fleury, M."]
[Black "Stebbings, A."]
[Result "1/2-1/2"]
[WhiteElo "2080"]
[BlackElo "2224"]
[PlyCount "60"]
[EventDate "1976.??.??"]

1. e4 c5 2. Nf3 e6 3. d4 cxd4 4. Nxd4 Nc6 5. Nc3 a6 6. g3 Nge7 7. Nb3 Na5 8.
Qh5 Nec6 9. Bg5 Qc7 10. Bf4 d6 11. O-O-O Ne5 12. Nxa5 Qxa5 13. Kb1 Be7 14. Be2
Qc7 15. Bxe5 dxe5 16. f4 exf4 17. gxf4 O-O 18. e5 f5 19. Rd3 Rf7 20. Bf3 g6 21.
Qh3 Bd7 22. Ne2 Rd8 23. Rhd1 Bc8 24. Qg2 Rg7 25. Qf2 g5 26. Rxd8+ Bxd8 27. Qe3
Kh8 28. a3 Be7 29. Qd4 Rg8 30. Qe3 Bc5 1/2-1/2

[Event "Essex league"]
[Site "?"]
[Date "1976.03.11"]
[Round "?"]
[White "McCague, B."]
[Black "Stebbings, A."]
[Result "0-1"]
[WhiteElo "2120"]
[BlackElo "2224"]
[PlyCount "60"]
[EventDate "1976.??.??"]

1. d4 Nf6 2. c4 g6 3. Nc3 d5 4. cxd5 Nxd5 5. e4 Nxc3 6. bxc3 Bg7 7. Bc4 c5 8.
Ne2 Nc6 9. Be3 O-O 10. O-O Qc7 11. Rc1 Rd8 12. f4 e6 13. Kh1 Na5 14. Bd3 f5 15.
Qe1 b6 16. Qf2 Bb7 17. Ng3 Qd7 18. exf5 cxd4 19. Bxd4 Bxd4 20. cxd4 Qxd4 21.
Qe2 exf5 22. Qe6+ Kh8 23. Rc7 Bc6 24. Ne2 Qd6 25. Qf7 Rd7 26. Rxd7 Bxd7 27. Bc4
Rf8 28. Qd5 Qxd5 29. Bxd5 Bb5 30. Rf2 Rc8 0-1

[Event "County match"]
[Site "?"]
[Date "1976.03.20"]
[Round "?"]
[White "MilnerBarry, P."]
[Black "Stebbings, A."]
[Result "0-1"]
[WhiteElo "2152"]
[BlackElo "2224"]
[PlyCount "80"]
[EventDate "1976.??.??"]

1. e4 c5 2. c3 Nf6 3. e5 Nd5 4. d4 cxd4 5. Bc4 Qc7 6. Qe2 Nb6 7. Bd3 Nc6 8. Nf3
e6 9. O-O dxc3 10. Nxc3 a6 11. Bf4 d5 12. exd6 Bxd6 13. Bxd6 Qxd6 14. Rfd1 Qf4
15. Rac1 O-O 16. Ne4 Nd5 17. Neg5 h6 18. Rc4 Qc7 19. Rh4 Nce7 20. Bh7+ Kh8 21.
Bb1 Bd7 22. Ne5 Be8 23. Rc4 Qd6 24. Qc2 Nf5 25. Ngf3 f6 26. Nd3 Bg6 27. Nf4
Nxf4 28. Rxd6 Nxd6 29. Qb3 Nxc4 30. Qxc4 Bxb1 31. Qxf4 Bxa2 32. h4 Bd5 33. Nd2
Rac8 34. g4 Rc1+ 35. Kh2 g5 36. hxg5 hxg5 37. Qd6 Rh1+ 38. Kg3 Rg1+ 39. Kh2
Rg2+ 40. Kh3 Kg7 0-1

[Event "Essex league"]
[Site "?"]
[Date "1976.03.22"]
[Round "?"]
[White "Stebbings, A."]
[Black "Waterman, H."]
[Result "1/2-1/2"]
[WhiteElo "2224"]
[BlackElo "1960"]
[PlyCount "36"]
[EventDate "1976.??.??"]

1. d4 Nf6 2. c4 e6 3. Nc3 Bb4 4. e3 c5 5. Nge2 Nc6 6. a3 Bxc3+ 7. Nxc3 d6 8. d5
Ne7 9. e4 e5 10. Be2 h6 11. Be3 Bd7 12. b4 b6 13. h3 Qc8 14. Qd2 Ng6 15. Rb1
Nh4 16. Rg1 g5 17. Qb2 Ke7 18. Kd2 Rb8 1/2-1/2

[Event "Essex league"]
[Site "?"]
[Date "1976.03.24"]
[Round "?"]
[White "Stebbings, A."]
[Black "Howson, J."]
[Result "1/2-1/2"]
[WhiteElo "2224"]
[BlackElo "2216"]
[PlyCount "63"]
[EventDate "1976.??.??"]

1. e4 e5 2. Nf3 Nc6 3. Bb5 a6 4. Ba4 d6 5. O-O Bd7 6. c4 Nge7 7. d4 Ng6 8. Nc3
Be7 9. Be3 O-O 10. Nd5 Bg4 11. Bxc6 bxc6 12. Nxe7+ Qxe7 13. h3 Bxf3 14. Qxf3
exd4 15. Bxd4 c5 16. Bc3 Ne5 17. Qe2 Rae8 18. Rae1 Qe6 19. f4 Nd7 20. f5 Qh6
21. f6 Nxf6 22. Bxf6 gxf6 23. Qg4+ Qg6 24. Qd7 Rxe4 25. Rxe4 Qxe4 26. Qxc7 Qd4+
27. Kh2 Qxb2 28. Qxd6 Qe5+ 29. Qxe5 fxe5 30. Rd1 Re8 31. Rd5 e4 32. Kg1 1/2-1/2

[Event "County match"]
[Site "?"]
[Date "1976.04.03"]
[Round "?"]
[White "Brogden, J."]
[Black "Stebbings, A."]
[Result "1-0"]
[WhiteElo "2176"]
[BlackElo "2224"]
[PlyCount "80"]
[EventDate "1976.??.??"]

1. d4 Nf6 2. c4 g6 3. Nc3 d5 4. cxd5 Nxd5 5. e4 Nxc3 6. bxc3 Bg7 7. Bc4 c5 8.
Ne2 Nc6 9. Be3 O-O 10. O-O Qc7 11. Rc1 Rd8 12. Qd2 b6 13. Rfd1 Bb7 14. f3 Rac8
15. Bf4 Qd7 16. d5 Na5 17. Bd3 c4 18. Bc2 Qe8 19. Nd4 e5 20. dxe6 fxe6 21. e5
Nc6 22. Ba4 a6 23. Bxc6 Bxc6 24. Qe3 Rd5 25. Nc2 Rxd1+ 26. Rxd1 Rd8 27. Rxd8
Qxd8 28. Nd4 Qd5 29. Nxc6 Qxc6 30. Qd4 Bf8 31. Qd8 Kf7 32. h3 b5 33. Kf2 Qc5+
34. Kg3 Qd5 35. Qxd5 exd5 36. Bd2 Bc5 37. f4 d4 38. cxd4 Bxd4 39. Kf3 c3 40.
Bc1 Ke6 1-0

[Event "Essex league"]
[Site "?"]
[Date "1976.04.07"]
[Round "?"]
[White "Howson, J."]
[Black "Stebbings, A."]
[Result "1/2-1/2"]
[WhiteElo "2216"]
[BlackElo "2224"]
[PlyCount "56"]
[EventDate "1976.??.??"]

1. e4 c5 2. b4 cxb4 3. a3 Nf6 4. e5 Nd5 5. axb4 Nxb4 6. c3 N4c6 7. d4 d5 8. Bd3
e6 9. f4 Nd7 10. Nf3 f5 11. exf6 Nxf6 12. O-O Bd6 13. Qe2 O-O 14. Ne5 Bd7 15.
g4 Ne7 16. Rf3 Bxe5 17. fxe5 Ne4 18. Rxf8+ Qxf8 19. Bxe4 dxe4 20. Ba3 Qf7 21.
Bxe7 Qxe7 22. Nd2 Bc6 23. Nxe4 Bxe4 24. Qxe4 a5 25. Rb1 Ra7 26. Qe3 Ra6 27. Qf3
Ra7 28. Qe3 Ra6 1/2-1/2

[Event "London league"]
[Site "?"]
[Date "1976.04.09"]
[Round "?"]
[White "Gasper, P."]
[Black "Stebbings, A."]
[Result "1-0"]
[WhiteElo "1912"]
[BlackElo "2224"]
[PlyCount "63"]
[EventDate "1976.??.??"]

1. Nf3 d5 2. c4 c6 3. cxd5 cxd5 4. d4 Nc6 5. Nc3 Nf6 6. Bf4 Bf5 7. e3 a6 8. Ne5
Rc8 9. Rc1 Qb6 10. g4 Bg6 11. g5 Ne4 12. Nxd5 Qa5+ 13. Nc3 Nxe5 14. Bxe5 Nxc3
15. Qd2 Qxa2 16. Rxc3 Qb1+ 17. Ke2 Bd3+ 18. Kf3 Rxc3 19. Qxc3 Be4+ 20. Kg3 Qc2
21. Qxc2 Bxc2 22. Bg2 f6 23. Bf4 b5 24. Rc1 Bd3 25. Rc6 a5 26. Bd5 e5 27. dxe5
fxg5 28. Bxg5 h6 29. Rc8+ Kd7 30. Rd8+ Kc7 31. Be7 Bxe7 32. Rxh8 1-0

[Event "Tournament: Southend SCCU ch."]
[Site "?"]
[Date "1976.04.16"]
[Round "?"]
[White "Habershon, P."]
[Black "Stebbings, A."]
[Result "1-0"]
[WhiteElo "2096"]
[BlackElo "2224"]
[PlyCount "91"]
[EventDate "1976.??.??"]

1. e4 c5 2. Nf3 e6 3. d4 cxd4 4. Nxd4 Nc6 5. c4 Nf6 6. Nc3 Bb4 7. Nxc6 dxc6 8.
Qxd8+ Kxd8 9. Bg5 h6 10. Bxf6+ gxf6 11. O-O-O+ Ke7 12. Kc2 e5 13. Be2 Be6 14.
Rhf1 Rhg8 15. g3 Bh3 16. Rfe1 Bc5 17. Bf1 Bg4 18. Rd2 Rad8 19. Bd3 Bb4 20. a3
Bxc3 21. Kxc3 c5 22. b4 Rd4 23. bxc5 Rgd8 24. Re3 Bd7 25. f4 Rc8 26. Rb2 Rc7
27. Rf3 Bc8 28. Rbf2 Bg4 29. fxe5 Bxf3 30. exf6+ Ke6 31. Kxd4 Rd7+ 32. Ke3 Bd1
33. Rf5 Rc7 34. Be2 Rd7 35. Rd5 Bxe2 36. Rxd7 Kxd7 37. Kxe2 Ke6 38. Ke3 Kxf6
39. Kd4 Ke6 40. c6 bxc6 41. Kc5 Kd7 42. e5 Kc7 43. g4 Kd7 44. h4 Kc7 45. h5 Kd7
46. g5 1-0

[Event "Tournament: Southend SCCU ch."]
[Site "?"]
[Date "1976.04.17"]
[Round "?"]
[White "Stebbings, A."]
[Black "Kennaugh, C."]
[Result "1/2-1/2"]
[WhiteElo "2224"]
[BlackElo "2256"]
[PlyCount "32"]
[EventDate "1976.??.??"]

1. e4 e5 2. Nf3 Nc6 3. Bb5 Nf6 4. O-O Nxe4 5. d4 Be7 6. Qe2 Nd6 7. Bxc6 dxc6 8.
dxe5 Nf5 9. Rd1 Bd7 10. e6 fxe6 11. Ne5 Bd6 12. Qh5+ g6 13. Nxg6 Ng7 14. Qh6
Nf5 15. Qh5 Ng7 16. Qh6 Nf5 1/2-1/2

[Event "Tournament: Southend SCCU ch."]
[Site "?"]
[Date "1976.04.17"]
[Round "?"]
[White "Bennett, T."]
[Black "Stebbings, A."]
[Result "1-0"]
[WhiteElo "2136"]
[BlackElo "2224"]
[PlyCount "75"]
[EventDate "1976.??.??"]

1. e4 c5 2. Nf3 e6 3. c3 Nf6 4. Qc2 Qc7 5. d3 Nc6 6. Bg5 Be7 7. Nbd2 d5 8. Be2
O-O 9. O-O b5 10. a4 b4 11. Rfe1 Ba6 12. Bf1 Rab8 13. g3 Rfe8 14. Bf4 e5 15.
Nxe5 Nxe5 16. cxb4 d4 17. b5 Bb7 18. Bg2 Nfd7 19. Bh3 Bd6 20. Bxe5 Nxe5 21. f4
Nd7 22. b4 Bc8 23. Rac1 Nb6 24. Bg2 c4 25. a5 Nd7 26. Qa4 c3 27. Nf3 Bxf4 28.
gxf4 Qxf4 29. Nxd4 Qe5 30. Nc6 Qxb5 31. Qxb5 Rxb5 32. Rxc3 Bb7 33. e5 Nxe5 34.
Nxe5 Bxg2 35. Kxg2 Rxb4 36. Nf3 Rd8 37. Re7 Rb2+ 38. Kg3 1-0

[Event "Tournament: Southend SCCU ch."]
[Site "?"]
[Date "1976.04.18"]
[Round "?"]
[White "Stebbings, A."]
[Black "Norman, K."]
[Result "0-1"]
[WhiteElo "2224"]
[BlackElo "2128"]
[PlyCount "106"]
[EventDate "1976.??.??"]

1. e4 e5 2. Nf3 Nc6 3. Bb5 a6 4. Ba4 d6 5. c3 Bd7 6. d4 Nge7 7. Be3 Ng6 8. h4
h5 9. Nbd2 Be7 10. g3 Bf6 11. d5 Nb8 12. Bxd7+ Nxd7 13. Qb3 b6 14. c4 Nc5 15.
Qc2 Qd7 16. Kf1 a5 17. b3 O-O 18. Ng5 Bxg5 19. hxg5 Qg4 20. Kg2 Nf4+ 21. Bxf4
exf4 22. Rh4 Qxg5 23. Rxf4 g6 24. Rh1 Kg7 25. Nf3 Qe7 26. Nd4 Rh8 27. f3 Rae8
28. Nc6 Qg5 29. Qc3+ f6 30. Nd4 Qe5 31. Qd2 Qg5 32. Qc3 Qe5 33. Qd2 Qg5 34. Qd1
Qe5 35. a3 Ra8 36. Qd2 a4 37. bxa4 Rxa4 38. Qc3 Rha8 39. Ra1 Kf7 40. Ra2 Nb7
41. Qd3 Nc5 42. Qc3 b5 43. Nxb5 Qxc3 44. Nxc3 Rxa3 45. Rxa3 Rxa3 46. Nb5 Ra2+
47. Kh3 g5 48. Rf5 Nxe4 49. Nxc7 Kg6 50. g4 Nf2+ 51. Kg3 h4+ 52. Kg2 Nxg4+ 53.
Kh3 Nf2+ 0-1

[Event "County match"]
[Site "?"]
[Date "1976.05.02"]
[Round "?"]
[White "Stebbings, A."]
[Black "Watson, R."]
[Result "1/2-1/2"]
[WhiteElo "2160"]
[BlackElo "2120"]
[PlyCount "80"]
[EventDate "1976.??.??"]

1. d4 d5 2. c4 e6 3. Nc3 Nf6 4. cxd5 exd5 5. Bg5 Be7 6. e3 O-O 7. Bd3 h6 8. Bh4
c6 9. Qc2 Re8 10. Nge2 Ne4 11. Bxe7 Qxe7 12. Bxe4 dxe4 13. Ng3 f5 14. O-O Be6
15. f3 Qg5 16. Rae1 exf3 17. Rxf3 Rf8 18. Ref1 Nd7 19. Nxf5 Bxf5 20. Rxf5 Rxf5
21. Qxf5 Qxe3+ 22. Qf2 Qxf2+ 23. Rxf2 Nf6 24. Rd2 Rd8 25. Rd1 Kf7 26. h3 Ke6
27. Kf2 Kd6 28. Ke3 Rf8 29. Rd2 b5 30. Ne4+ Nxe4 31. Kxe4 Rf1 32. Rc2 g6 33. a3
a5 34. Ke3 Rb1 35. Kd3 Rd1+ 36. Ke4 Rg1 37. Ke3 b4 38. axb4 axb4 39. Kd3 b3 40.
Rf2 Kd5 1/2-1/2

[Event "County match"]
[Site "?"]
[Date "1976.09.25"]
[Round "?"]
[White "Goodman, D."]
[Black "Stebbings, A."]
[Result "1/2-1/2"]
[WhiteElo "2304"]
[BlackElo "2160"]
[PlyCount "82"]
[EventDate "1976.??.??"]

1. d4 Nf6 2. c4 g6 3. Nc3 d5 4. cxd5 Nxd5 5. g3 Bg7 6. Bg2 Nb6 7. Nf3 Nc6 8. e3
O-O 9. O-O e5 10. d5 Ne7 11. e4 Bg4 12. a4 c6 13. a5 Nbc8 14. Qb3 cxd5 15. exd5
Nd6 16. Ra4 Bxf3 17. Bxf3 Nef5 18. Ne2 h5 19. Bd2 Qd7 20. Rb4 Rac8 21. Bc3 Rc5
22. Ra1 Rfc8 23. Bg2 Rb5 24. Bh3 Rcc5 25. Rxb5 Qxb5 26. Qxb5 Rxb5 27. Bxf5 Nxf5
28. a6 b6 29. Ra4 Rxd5 30. Rc4 Rc5 31. Rxc5 bxc5 32. Ba5 Ne7 33. Bb6 Nc6 34.
Bxc5 Bf8 35. Be3 f5 36. Nc3 Nb4 37. Bxa7 Nxa6 38. Kf1 Kf7 39. Ke2 Ke6 40. Kd3
Kd6 41. Kc4 Kc6 1/2-1/2

[Event "Tournament: Chelmsford Open"]
[Site "?"]
[Date "1976.10.01"]
[Round "?"]
[White "Stebbings, A."]
[Black "Sparkes, G."]
[Result "1-0"]
[WhiteElo "2160"]
[BlackElo "1760"]
[PlyCount "61"]
[EventDate "1976.??.??"]

1. e4 e5 2. Nf3 Nc6 3. Bb5 a6 4. Ba4 Nf6 5. O-O Be7 6. Re1 b5 7. Bb3 O-O 8. d4
d6 9. c3 Bg4 10. Be3 Na5 11. h3 Nxb3 12. axb3 Bh5 13. Nbd2 Nd7 14. Ra5 c5 15.
Qa1 Qc8 16. dxe5 dxe5 17. Qa2 Bd8 18. Ra3 f6 19. Ra1 a5 20. b4+ Bf7 21. Qb1
cxb4 22. cxb4 a4 23. b3 Bb6 24. bxa4 Bxe3 25. fxe3 Rxa4 26. Rxa4 Nb6 27. Ra5
Na4 28. Rxb5 Nc3 29. Rc5 Qxc5 30. bxc5 Nxb1 31. Rxb1 1-0

[Event "Tournament: Chelmsford Open"]
[Site "?"]
[Date "1976.10.02"]
[Round "?"]
[White "Moore, G."]
[Black "Stebbings, A."]
[Result "0-1"]
[WhiteElo "1984"]
[BlackElo "2160"]
[PlyCount "70"]
[EventDate "1976.??.??"]

1. e4 c5 2. Nf3 e6 3. d4 cxd4 4. Nxd4 Nc6 5. Nb5 d6 6. c4 Nf6 7. N1c3 a6 8. Na3
Be7 9. Be2 O-O 10. O-O b6 11. Be3 Bb7 12. f3 Re8 13. Qd2 Ne5 14. Rfd1 Qc7 15.
Rac1 Rac8 16. Bf1 Ba8 17. Qf2 Ned7 18. b4 Qb8 19. Na4 d5 20. exd5 Bxb4 21. dxe6
Rxe6 22. Nc2 Bd6 23. g3 b5 24. cxb5 axb5 25. Nb2 Ne5 26. Be2 Qb7 27. Nd4 Rxc1
28. Bxc1 Nfg4 29. Nxe6 Nxf2 30. Rxd6 Nh3+ 31. Kg2 fxe6 32. Kxh3 Nxf3 33. Bxb5
Qxb5 34. Rd8+ Kf7 35. Rxa8 Qf1+ 0-1

[Event "Tournament: Chelmsford Open"]
[Site "?"]
[Date "1976.10.02"]
[Round "?"]
[White "Stebbings, A."]
[Black "Lobo, R."]
[Result "0-1"]
[WhiteElo "2160"]
[BlackElo "2120"]
[PlyCount "70"]
[EventDate "1976.??.??"]

1. e4 e5 2. Nf3 Nc6 3. Bb5 a6 4. Ba4 Nf6 5. O-O Be7 6. Re1 b5 7. Bb3 O-O 8. c3
d5 9. exd5 Nxd5 10. Nxe5 Nxe5 11. Rxe5 c6 12. Bxd5 cxd5 13. d4 Bd6 14. Re3 Qh4
15. h3 Qf4 16. Rg3 Qf6 17. Rf3 Qg6 18. Qd3 Re8 19. Kf1 Re4 20. Nd2 Bd7 21. Re3
Rae8 22. Nxe4 dxe4 23. Qe2 f5 24. f3 Bc6 25. fxe4 f4 26. Rf3 Bxe4 27. Bd2 Bd5
28. Qd1 Bc4+ 29. Kf2 Re2+ 30. Qxe2 Bxe2 31. Kxe2 Qxg2+ 32. Rf2 Qe4+ 33. Kd1 f3
34. a4 Bg3 35. Rf1 Qd3 0-1

[Event "Tournament: Chelmsford Open"]
[Site "?"]
[Date "1976.10.02"]
[Round "?"]
[White "Gatheral, G."]
[Black "Stebbings, A."]
[Result "0-1"]
[WhiteElo "1824"]
[BlackElo "2160"]
[PlyCount "72"]
[EventDate "1976.??.??"]

1. e4 c5 2. Nf3 e6 3. d4 cxd4 4. Nxd4 Nc6 5. Be3 Nf6 6. Bd3 Qc7 7. O-O a6 8.
Nc3 Ne5 9. h3 Bc5 10. Qe2 d6 11. f4 Ng6 12. g4 e5 13. fxe5 dxe5 14. Nf5 Nf4 15.
Qf3 g6 16. Nh4 h5 17. g5 Nh7 18. Nd5 Nxd5 19. exd5 Nxg5 20. Qg3 Nxh3+ 21. Kh1
Bxe3 22. Qxe3 O-O 23. Qh6 Nf4 24. Nf5 Bxf5 25. Bxf5 Qe7 26. Rxf4 exf4 27. Rg1
Qh4+ 28. Kg2 Rfe8 29. Be6 Qg3+ 30. Kh1 Qh4+ 31. Kg2 Rxe6 32. dxe6 Qg3+ 33. Kf1
Qf3+ 34. Ke1 Qe3+ 35. Kf1 Qxe6 36. Qxh5 Qc4+ 0-1

[Event "Tournament: Chelmsford Open"]
[Site "?"]
[Date "1976.10.03"]
[Round "?"]
[White "Stebbings, A."]
[Black "Sams, R."]
[Result "1/2-1/2"]
[WhiteElo "2160"]
[BlackElo "2152"]
[PlyCount "96"]
[EventDate "1976.??.??"]

1. e4 c5 2. Nf3 d6 3. d4 cxd4 4. Nxd4 Nf6 5. Nc3 g6 6. Be3 Bg7 7. Be2 Nc6 8.
Nb3 O-O 9. f4 a5 10. a4 Nb4 11. O-O d5 12. e5 Ne4 13. Nb5 f6 14. exf6 Bxf6 15.
Bd4 Bf5 16. Bxf6 Nxf6 17. N3d4 Qb6 18. Kh1 Be4 19. Bf3 Rad8 20. c3 Na6 21. Bxe4
Nxe4 22. Qg4 Nac5 23. b4 axb4 24. cxb4 Nd3 25. Qe6+ Qxe6 26. Nxe6 Nxb4 27. Kg1
Nc6 28. Rfd1 Rd7 29. Nxf8 Kxf8 30. a5 Nc5 31. Ra3 d4 32. Kf2 Kf7 33. Rc1 Na6
34. Ke2 Rd5 35. Rb1 Nab4 36. Nc7 Rc5 37. a6 d3+ 38. Kd1 bxa6 39. Nxa6 Nxa6 40.
Rxa6 Nd4 41. Kd2 Ne6 42. g3 Rc2+ 43. Kxd3 Rxh2 44. Ke3 h5 45. Ra7 Ng7 46. Rg1
Nf5+ 47. Kf3 Rh3 48. Kf2 Rh2+ 1/2-1/2

[Event "Tournament: Chelmsford Open"]
[Site "?"]
[Date "1976.10.03"]
[Round "?"]
[White "Varty, G."]
[Black "Stebbings, A."]
[Result "1/2-1/2"]
[WhiteElo "2048"]
[BlackElo "2160"]
[PlyCount "96"]
[EventDate "1976.??.??"]

1. e4 c5 2. Nf3 e6 3. d4 cxd4 4. Nxd4 Nc6 5. Nc3 a6 6. g3 Nge7 7. Bg2 Nxd4 8.
Qxd4 Nc6 9. Qd1 Qc7 10. O-O Be7 11. Bf4 d6 12. Qd2 O-O 13. Rad1 Rd8 14. Rfe1 b5
15. a4 b4 16. Na2 Rb8 17. c3 b3 18. Nb4 Nxb4 19. cxb4 Qb6 20. Rc1 Qxb4 21. Qxb4
Rxb4 22. Rc7 Kf8 23. Rec1 Bd7 24. a5 Ra4 25. Rb7 Rxa5 26. Rxb3 Rb5 27. Rxb5
Bxb5 28. h3 Bf6 29. b3 d5 30. Bc7 Rd7 31. exd5 exd5 32. Ba5 g6 33. Bf1 d4 34.
Bxb5 axb5 35. Kf1 Ke7 36. Ke2 Ra7 37. Bb4+ Kd7 38. Rc2 Ra1 39. Bc5 Ke6 40. Bb4
Kd7 41. Bc5 Ke6 42. Bb4 Ra6 43. Kd3 Kd7 44. Rc5 Ra2 45. Rxb5 Rxf2 46. Rb7+ Ke6
47. Rb6+ Kd5 48. Rd6+ Ke5 1/2-1/2

[Event "Essex league"]
[Site "?"]
[Date "1976.10.04"]
[Round "?"]
[White "Stebbings, A."]
[Black "Howson, J."]
[Result "0-1"]
[WhiteElo "2160"]
[BlackElo "2216"]
[PlyCount "66"]
[EventDate "1976.??.??"]

1. e4 e5 2. Nf3 Nc6 3. Bb5 a6 4. Ba4 d6 5. c3 Bd7 6. d4 Nge7 7. Be3 Ng6 8. h4
h5 9. d5 Nb8 10. Bxd7+ Nxd7 11. Nbd2 Nf4 12. Kf1 Be7 13. Qb3 Qc8 14. g3 Ng6 15.
Ng5 Nf6 16. f3 O-O 17. Kg2 b6 18. c4 Qd7 19. Qc2 a5 20. b3 Rfe8 21. a3 Nh7 22.
Nh3 Rf8 23. b4 f5 24. exf5 Rxf5 25. Rhf1 axb4 26. axb4 Raf8 27. Ra7 Bxh4 28.
gxh4 Nxh4+ 29. Kg3 Rxf3+ 30. Rxf3 Rxf3+ 31. Nxf3 Qg4+ 32. Kf2 Qg2+ 33. Ke1
Nxf3+ 0-1

[Event "National Club ch."]
[Site "?"]
[Date "1976.10.31"]
[Round "?"]
[White "Stebbings, A."]
[Black "Brown, P."]
[Result "1/2-1/2"]
[WhiteElo "2160"]
[BlackElo "2192"]
[PlyCount "80"]
[EventDate "1976.??.??"]

1. d4 g6 2. e4 Bg7 3. c3 c6 4. Nf3 d6 5. Bd3 Na6 6. O-O Nc7 7. Re1 Nf6 8. e5
dxe5 9. Nxe5 O-O 10. Nd2 Ne6 11. Bc4 Qc7 12. Ndf3 Nd5 13. Bd2 b6 14. Bf1 Bb7
15. c4 Ndf4 16. g3 Nh5 17. Bc3 Rad8 18. Qe2 Bxe5 19. dxe5 c5 20. Rad1 Nhg7 21.
Bg2 Bc6 22. Rxd8 Rxd8 23. Rd1 Nf5 24. Rxd8+ Qxd8 25. Ne1 Nfd4 26. Qe3 Qa8 27.
Bxc6 Qxc6 28. b3 h5 29. f3 b5 30. cxb5 Qxb5 31. Kf2 Qa6 32. Qd2 Qc6 33. b4 Nf5
34. Nc2 cxb4 35. Bxb4 Qb6+ 36. Kg2 Qc7 37. Qc3 Qb7 38. a3 Qb5 39. Kf2 Kg7 40.
Ne3 Nfd4 1/2-1/2

[Event "Essex league"]
[Site "?"]
[Date "1976.11.02"]
[Round "?"]
[White "Coleman, D."]
[Black "Stebbings, A."]
[Result "0-1"]
[WhiteElo "2000"]
[BlackElo "2160"]
[PlyCount "60"]
[EventDate "1976.??.??"]

1. e4 c5 2. Nf3 e6 3. d4 cxd4 4. Nxd4 Nc6 5. Nb5 d6 6. c4 Nf6 7. N1c3 a6 8. Na3
Be7 9. Be2 O-O 10. O-O b6 11. Be3 Bb7 12. f3 Re8 13. Qb3 Nd7 14. Rfd1 Nc5 15.
Qc2 Qc7 16. Rac1 Bf6 17. Nab1 Nb4 18. Qd2 Rad8 19. Qe1 Ba8 20. Qf2 Nc6 21. Rc2
Be5 22. g3 Rf8 23. a3 Ne7 24. b4 Nd7 25. f4 Bf6 26. Rcd2 Nc8 27. c5 dxc5 28.
bxc5 Nxc5 29. Bxc5 bxc5 30. Bxa6 Bd4 0-1

[Event "Essex league"]
[Site "?"]
[Date "1976.12.07"]
[Round "?"]
[White "Hillyard, G."]
[Black "Stebbings, A."]
[Result "1-0"]
[WhiteElo "2136"]
[BlackElo "2160"]
[PlyCount "47"]
[EventDate "1976.??.??"]

1. d4 Nf6 2. c4 g6 3. Nc3 d5 4. Nf3 Bg7 5. e3 O-O 6. Be2 dxc4 7. O-O c5 8. d5
e6 9. dxe6 Bxe6 10. Ng5 Bd7 11. Bxc4 Nc6 12. e4 Nd4 13. e5 Ne8 14. f4 b5 15.
Bd5 Rc8 16. Be3 b4 17. Bxd4 cxd4 18. Nce4 Bb5 19. Qb3 Qe7 20. Qh3 h6 21. Nxf7
Rxf7 22. Qxc8 Bxf1 23. Nd6 Kh7 24. Bxf7 1-0

[Event "Essex league"]
[Site "?"]
[Date "1976.12.13"]
[Round "?"]
[White "Downham, A."]
[Black "Stebbings, A."]
[Result "1/2-1/2"]
[WhiteElo "2032"]
[BlackElo "2160"]
[PlyCount "62"]
[EventDate "1976.??.??"]

1. c4 Nf6 2. g3 e5 3. Bg2 c6 4. d4 exd4 5. Qxd4 d5 6. Bg5 Be7 7. Nc3 O-O 8.
cxd5 Nxd5 9. Bxe7 Nxe7 10. Nf3 Qa5 11. O-O Be6 12. Rfd1 Na6 13. e4 Rfd8 14. Qe5
Qxe5 15. Nxe5 Nb4 16. f4 Nc2 17. Rac1 Rxd1+ 18. Rxd1 Ne3 19. Rd6 Nxg2 20. Kxg2
Re8 21. f5 Bc8 22. g4 Kf8 23. Nf3 f6 24. h4 c5 25. g5 Kf7 26. Kg3 Nc6 27. gxf6
gxf6 28. Kf4 Ke7 29. Rd5 b6 30. Nb5 Nb4 31. Rd2 Bb7 1/2-1/2

[Event "Essex league"]
[Site "?"]
[Date "1977.01.10"]
[Round "?"]
[White "Rumsey, V."]
[Black "Stebbings, A."]
[Result "0-1"]
[WhiteElo "1816"]
[BlackElo "2160"]
[PlyCount "65"]
[EventDate "1977.??.??"]

1. c3 Nf6 2. d4 b6 3. Nf3 Bb7 4. g3 d6 5. Bg2 Nbd7 6. O-O e5 7. e3 Be7 8. b3
O-O 9. Bb2 Re8 10. c4 Bf8 11. dxe5 dxe5 12. Nxe5 Bxg2 13. Nxf7 Kxf7 14. Kxg2
Qe7 15. Nc3 Rad8 16. Nd5 Nxd5 17. Qxd5+ Qe6 18. Rad1 Qxd5+ 19. cxd5 Nf6 20.
Bxf6 gxf6 21. Rfe1 f5 22. f3 Bg7 23. h3 Re5 24. e4 Rde8 25. Rc1 R8e7 26. Rc4
fxe4 27. fxe4 Ke8 28. Kf3 Rxd5 29. exd5 Rxe1 30. Rxc7 Re7 31. Rc1 Kd7 32. Rc4
Kd6 33. Rh4 0-1

[Event "Essex league"]
[Site "?"]
[Date "1977.01.24"]
[Round "?"]
[White "Stebbings, A."]
[Black "Langenham, R."]
[Result "1-0"]
[WhiteElo "2160"]
[BlackElo "1944"]
[PlyCount "85"]
[EventDate "1977.??.??"]

1. e4 Nf6 2. e5 Nd5 3. d4 d6 4. Nf3 e6 5. c4 Nb6 6. exd6 cxd6 7. Nc3 Be7 8. Be2
N8d7 9. a4 Nf6 10. a5 Nbd7 11. O-O O-O 12. b4 e5 13. d5 Re8 14. h3 Nf8 15. Be3
Bd7 16. a6 b6 17. c5 Ng6 18. c6 Bf5 19. Qd2 Ne4 20. Nxe4 Bxe4 21. Ne1 Bf5 22.
Nc2 Bxc2 23. Qxc2 Qc7 24. g3 Bf6 25. Rac1 Re7 26. Qf5 Rae8 27. Bg4 Rb8 28. h4
e4 29. h5 Nf8 30. Bf4 Bd4 31. Rc4 g6 32. Qg5 f6 33. Qh6 Bb2 34. Re1 f5 35. Bxf5
gxf5 36. Qxd6 Rc8 37. Qxc7 Rexc7 38. Bxc7 Rxc7 39. d6 Be5 40. dxc7 Bxc7 41. g4
Ne6 42. gxf5 Ng5 43. Rcxe4 1-0

[Event "Essex league"]
[Site "?"]
[Date "1977.01.31"]
[Round "?"]
[White "Howson, J."]
[Black "Stebbings, A."]
[Result "0-1"]
[WhiteElo "2216"]
[BlackElo "2160"]
[PlyCount "90"]
[EventDate "1977.??.??"]

1. e4 c5 2. f4 e6 3. Nc3 Nc6 4. Nf3 a6 5. Be2 d6 6. O-O Nge7 7. d3 g6 8. Be3
Bg7 9. Qd2 Nd4 10. Rae1 Qa5 11. a3 Nec6 12. Kh1 O-O 13. Bd1 Bd7 14. Bxd4 cxd4
15. Nb1 Qxd2 16. Nbxd2 b5 17. g4 f5 18. exf5 gxf5 19. gxf5 Rxf5 20. Ng5 Nd8 21.
b4 h6 22. Nge4 Nb7 23. Bg4 Rf7 24. Ng3 Rc8 25. Bd1 Rcf8 26. Bf3 Nd8 27. f5 Kh8
28. Bh5 Re7 29. Nde4 exf5 30. Nxd6 Rxe1 31. Rxe1 f4 32. Nge4 Bc6 33. Kg1 Be5
34. Nc8 Rg8+ 35. Kf2 Rg7 36. Nc5 Rg2+ 37. Kf1 Bg7 38. Re2 Rg5 39. Be8 f3 40.
Re1 Rg2 41. Ne6 Bxe8 42. Nxd8 Bd7 43. Nf7+ Kh7 44. Ncd6 Bh3 45. Re4 Re2+ 0-1

[Event "National Club ch."]
[Site "?"]
[Date "1977.02.06"]
[Round "?"]
[White "Noyce, T."]
[Black "Stebbings, A."]
[Result "0-1"]
[WhiteElo "2208"]
[BlackElo "2160"]
[PlyCount "71"]
[EventDate "1977.??.??"]

1. e4 c5 2. Nf3 e6 3. d4 cxd4 4. Nxd4 Nc6 5. Be3 Nf6 6. Bd3 Qc7 7. Nd2 d5 8.
O-O Be7 9. Re1 O-O 10. Qe2 Re8 11. Nb5 Qb8 12. Bg5 a6 13. Nc3 d4 14. e5 dxc3
15. exf6 cxd2 16. Qe4 dxe1=Q+ 17. Rxe1 Bxf6 18. Qxh7+ Kf8 19. Qh8+ Ke7 20. Qxg7
Bxg5 21. Qxg5+ Kd7 22. Be4 Qd6 23. Bf3 Kc7 24. c4 Bd7 25. Rd1 Nd4 26. Bh5 Bc6
27. c5 Qd7 28. Qe5+ Kc8 29. Rxd4 Bd5 30. Bg4 f5 31. Be2 Qc6 32. f3 Qxc5 33. Kf1
b6 34. Rc4 Bxc4 35. Qxc5+ bxc5 36. Bxc4 0-1

[Event "Essex league"]
[Site "?"]
[Date "1977.02.07"]
[Round "?"]
[White "Stebbings, A."]
[Black "Saunders, W."]
[Result "1-0"]
[WhiteElo "2160"]
[BlackElo "1936"]
[PlyCount "63"]
[EventDate "1977.??.??"]

1. d4 Nf6 2. c4 c5 3. d5 b5 4. cxb5 a6 5. Nc3 axb5 6. e4 b4 7. Nb5 d6 8. Nf3
Bg4 9. h3 Bxf3 10. Qxf3 Na6 11. a3 Qa5 12. Bd2 Nd7 13. Be2 c4 14. Bxc4 Ne5 15.
Qe2 Rb8 16. Nxd6+ exd6 17. Bxa6 Qa4 18. O-O b3 19. Rac1 Rb6 20. Rc8+ Ke7 21.
Bd3 g6 22. f4 Qd4+ 23. Be3 Qxd3 24. Qxd3 Nxd3 25. Bxb6 Bg7 26. Rxh8 Bxh8 27.
Rf3 Nc1 28. Be3 Nd3 29. Bd2 Bd4+ 30. Kf1 Nxb2 31. Rxb3 Nc4 32. Ke2 1-0